Compendio de prosodia y ortografía para Colegios de ambos sexos y de gran utilidad para los ejercicios escritos en Institutos, Correos, Telégrafos y demás carreras especiales
Saved in:
| Main Author: | |
|---|---|
| Format: | Unknown |
| Language: | Spanish |
| Published: |
Gerona-Valencia
e Hijo de J
1913
|
| Edition: | 3ª corregida y aumentada |
| Textbook Catalogue: | MANES: Library Catalog Search Result |
| Textbook Classification: | |
| Subjects: | |
| Tags: |
Add Tag
No Tags, Be the first to tag this record!
|
| Added to: | 2016-04-26 |
MARC
| LEADER | 000000000a22000000004500 | ||
|---|---|---|---|
| 001 | 21701 | ||
| 008 | 160427s sp ||||| |||| 00| 0 spa d | ||
| 040 | |a manes |c manes | ||
| 100 | 1 | |a Barona Cherp, Manuel |b Autor, Profesor numerario de Caligrafía, por oposición, en el Instituto General y Técnico de Gerona |b Condecorado con la Medalla commemorativa del Centenario de los Sitios de dicha ciudad, Astorga, Brihuega y Cortes de Cádiz |b Miembro de la Sociedad de Autores Españoles |b Premiado en varios certámenes literarios |b Socio de mérito de la Academia Científico-Literaria Setabense, etc. | |
| 245 | 0 | 0 | |a Compendio de prosodia y ortografía para Colegios de ambos sexos y de gran utilidad para los ejercicios escritos en Institutos, Correos, Telégrafos y demás carreras especiales |
| 250 | |a 3ª corregida y aumentada | ||
| 260 | |a Gerona-Valencia |b e Hijo de J |c 1913 | ||
| 300 | |a 50 p. |c 15 x 11 cm. | ||
| 546 | |a España | ||
| 650 | 7 | |a Lenguaje | |
| 655 | 7 | |a Formación Profesional |a Secundaria | |
| 942 | |2 ddc |c BK | ||
| 999 | |c 48913 |d 48913 | ||
| 999 | |c manes:48913 |d 48913 | ||